| 000 | 01286cam a22003974i 4500 | ||
|---|---|---|---|
| 003 | PE-LiUPU | ||
| 005 | 20250731173241.0 | ||
| 008 | 150625s r 000 0 d | ||
| 035 | _a(Sirsi) a35309 | ||
| 040 |
_aPE-LiUPU _bspa _cPE-LiUPU _erda |
||
| 082 | 0 | 4 |
_a234.165 _bG59 _221 |
| 100 | 1 |
_aGomá Tomás, D. Isidro, _eautor. |
|
| 245 | 1 | 3 |
_aEl matrimonio : _bexplicación dialogada de la encíclica Casti Connbii que el autor dedica a sus diocesanos / _cD. Isidro Gomá Tomás. |
| 264 | 1 | _a | |
| 336 |
_atext _2rdacontent |
||
| 337 |
_aunmediated _2rdamedia |
||
| 338 |
_avolume _2rdacarrier |
||
| 526 | _aSEG42 | ||
| 526 | _aSEG41 | ||
| 526 | _aSEG40 | ||
| 526 | _aSEG39 | ||
| 526 | _aP94 | ||
| 526 | _aP87 | ||
| 526 | _aP86 | ||
| 526 | _aP85 | ||
| 526 | _aP77 | ||
| 526 | _aP76 | ||
| 526 | _aP35 | ||
| 650 | 0 | 4 |
_aMatrimonio. _92383 |
| 910 | _a | ||
| 942 |
_2ddc _cBOOK |
||
| 949 |
_a234.165 G59 _wDEWEY _c1 _i11200 _lCCODEBUL1 _mBUL _p00.00 _r0 _sY _tBOOK _u2015-06-25 _xBIBLIOTECA _zUNKNOWN _0COMPRA _o.STAFF. Colección General |
||
| 596 | _a1 | ||
| 999 |
_a234.165 G59 _wDEWEY _c43259 _i11200 _f2021-11-11 _g5 _lCCODEBUL1 _mBUL _r0 _sY _tBOOK _u2015-6-25 _xTEOLOGIA _zUNKNOWN _0COMPRA _o.STAFF. Colección General _d43259 |
||
| 980 |
_81 _gALBERTO SANCHEZ Responsable de Automatización |
||